000 00633nmm a2200205Ia 4500
008 251105s9999||||xx |||||||||||||||||und||
020 _a9788490656013
041 _aspa
100 _aVarias, autoras
245 0 _aCuentos de brujas de escritoras victorianas (1839-1920)
264 _a[Madrid, España] :
_bAlba Editorial,
_c[Fecha de publicación no identificada]
300 _a312 páginas
490 _aAlba Clásica
650 _aEnglish Narrative
700 _aVarias, autoras
700 1 _a Haining, Peter
700 1 _a de la Rubia, Daniel
856 _uhttps://public.digitaliapublishing.com/a/80266
942 _cCF
999 _c72273
_d72273